00537nam a2200193Ia 4500008004100000020001400041050001400055100001800069245003700087245006800124245005100192260001500243260001600258260000900274300001500283300002700298300001000325500000800335170918s9999 xx 000 0 und d a439217229 bW897 1999 aWoods, Samuel aAmazing book of insect records : bthe heaviest, the loudest, the most poisonous, and many more! / cSamuel Woods ; illustrated by Richard MacCabe. aNew York : bScholastic, c1999 a32 pages : bcolored illustration ; c23cm. a950